000 00795nam a22002292 4500
001 0000012676
005 20151217152112.0
008 090308s xx 000 0 eng d
020 _a1587050250 :
040 _aKABU
_cKABU
100 1 _aMalik, Saadat.
_@0000169559
245 1 0 _aNetwork security principles and practice /
_cSaadat Malik.
250 _a1st ed.
260 _aIndianapolis, IN. :
_bCisco Press,
_c2003.
300 _axxvii, 774 p.
650 0 _aComputer networks
_xSecurity meaqsures.
_@0000151349
650 0 _aComputer networks
_xSecurity measures
_xExamination
_yStudy guide.
_@0000157431
852 1 _9p6150 KES
852 1 _9p6150 KES
908 _a090308
950 _@1
999 _c8273
_d8273